Taylor Swift Trivia - Statistics

General Stats
  • This quiz has been taken 52 times
  • The average score is 12 of 15
Answer Stats
Question Answer % Correct
On what kind of farm did Taylor Swift grow up? Christmas Tree
100%
When was she born? December 13, 1989
100%
What Tim McGraw song did Taylor provide guest vocals on in 2012? Highway Don't Care
100%
What female pop star is the song “Bad Blood” said to be about? Katy Perry
100%
What is Taylor Swifts sixth studio album? reputation
100%
In what city and state did the 2023 Eras Tour start? Glendale, Arizona
94%
At which edition of the Grammys did "Fearless" win best album? 52nd
88%
In which show did Swift make her acting debut? CSI
88%
Which celebrity started the snake trend for the album "reputation"? Kim Kardashian
88%
How old was Taylor Swift when her first album came out? 16
81%
Which of these was an early song writing partner for Taylor Swift? Liz Rose
75%
What character did Taylor Swift play in the movie adaptation of the Broadway musical “Cats?” Bombalurina
63%
What date did the 1989 Wold Tour commence from? May 5, 2015
44%
What country star was Taylor Swift scheduled to open for on a 2007 summer tour? Kenny Chesney
25%
Which song by Taylor Swift holds the record for the longest-running number-one hit on the Billboard Hot 100 chart (16 weeks)? Blank Space
19%
No matching quizzes found
Score Distribution
Percent of People with Each Score
Percentile by Number Answered
Your Score History
You have not taken this quiz